000 00428nam a2200193Ia 4500
001 11555
003 GE_BSU
008 181216s||||||||xx |||||||||||||| ||und||
020 _a0747245398
040 _cGE_BSU
100 _aBarton,Fredrick
245 _aWith Extreme Prejudice
260 _aLondon
260 _bHeadline Feature
260 _c1994
300 _a500p;18cm.
653 _aWith Extreme Prejudice
942 _cBK
999 _c44750
_d44750